ბათუმის შოთა რუსთაველის სახელმწიფო უნივერსიტეტის ბიბლიოთეკა

Переработка нефти. (ბიბ.ჩანაწერი № 37268)

000 -LEADER
fixed length control field 00633nam a2200229Ia 4500
001 - CONTROL NUMBER
control field 3227
003 - CONTROL NUMBER IDENTIFIER
control field GE_BSU
008 - FIXED-LENGTH DATA ELEMENTS--GENERAL INFORMATION
fixed length control field 181216s||||||||xx |||||||||||||| ||und||
040 ## - CATALOGING SOURCE
Transcribing agency GE_BSU
080 ## - UNIVERSAL DECIMAL CLASSIFICATION NUMBER
Universal Decimal Classification number 665.63(075.32)
100 ## - MAIN ENTRY--PERSONAL NAME
Personal name Суханов.В.П.
245 ## - TITLE STATEMENT
Title Переработка нефти.
245 ## - TITLE STATEMENT
Remainder of title Учебник для проф.техн.учебн.завед.
245 ## - TITLE STATEMENT
Statement of responsibility, etc. Ред. Е.А.Ляхович.
260 ## - PUBLICATION, DISTRIBUTION, ETC.
Place of publication, distribution, etc. М.
260 ## - PUBLICATION, DISTRIBUTION, ETC.
Name of publisher, distributor, etc. Высш. школа.
260 ## - PUBLICATION, DISTRIBUTION, ETC.
Date of publication, distribution, etc. 1974.
300 ## - PHYSICAL DESCRIPTION
Extent 335 стр. с илл. 22 см.
653 ## - INDEX TERM--UNCONTROLLED
Uncontrolled term Переработка нефти.
942 ## - ADDED ENTRY ELEMENTS (KOHA)
Koha item type წიგნი
ეგზემპლარები
Withdrawn status Lost status Damaged status Not for loan Date acquired Barcode Date last seen Price effective from Koha item type
        2018-12-17 8572 2018-12-17 2018-12-17 წიგნი